MAASAI MARA UNIVERSITY

LIBRARY CATALOGUE

Contact Us: +254 020 2685356/7 or 0774 057787

Box: 861-20500, NAROK, KENYA

Email: info@mmarau.ac.ke

_Contemporary advertising and intergrated marketing communication [13th ed] (Record no. 12885)

MARC details
000 -LEADER
fixed length control field 00448nam a2200145Ia 4500
008 - FIXED-LENGTH DATA ELEMENTS--GENERAL INFORMATION
fixed length control field 151021s9999 xx 000 0 und d
020 ## - INTERNATIONAL STANDARD BOOK NUMBER
International Standard Book Number 9.7800712206e+012
050 ## - LIBRARY OF CONGRESS CALL NUMBER
Classification number HF 5821.B62 2011
245 ## - TITLE STATEMENT
Title _Contemporary advertising and intergrated marketing communication [13th ed]
260 ## - PUBLICATION, DISTRIBUTION, ETC. (IMPRINT)
Place of publication, distribution, etc. New York Mc Graw-Hill 2011
300 ## - PHYSICAL DESCRIPTION
Extent xxx,774p.
650 ## - SUBJECT ADDED ENTRY--TOPICAL TERM
Topical term or geographic name as entry element _Advertising
700 ## - ADDED ENTRY--PERSONAL NAME
Personal name _Weigold Michael F
980 ## - EQUIVALENCE OR CROSS-REFERENCE-SERIES STATEMENT--PERSONAL NAME/TITLE [LOCAL, CANADA]
Personal name ^d20130214 11:54:13^oanne

No items available.

© 2016 Maasai Mara University.